000 00605nas a2200229Ia 4500
001 A50/R191-53280
003 IT-MiCISF
005 20241231170310.0
008 161014c99999999xx |||||||||||| ||und||
040 _aIT-MiCISF
_cIT-MiCISF
041 _ait
100 _aNardi Daniele, Liverani Pier Giorgio
_961304
245 0 _aIn provetta cresce solo il business
250 _a"Sì alla vita", n.1, gennaio
260 _c2014
300 _app. 28-31
500 _a procreazione-artificiale, società, bioetica
650 _aBioetica
654 _adossier
942 _cCR
_2ddc
999 _c247862
_d247862
999 _bSi